| 000 | 01201nam a22003137a 4500 | ||
|---|---|---|---|
| 005 | 20240524105030.0 | ||
| 008 | 130821s2006 xx ab gr eng | ||
| 020 | _a821362623 | ||
| 020 | _a9780821362624 | ||
| 040 |
_aCo-BoUCM _bspa _cDavid Moreno (modificó) _dDavid Moreno (modificó) |
||
| 041 | 0 | 0 | _aeng |
| 060 | 0 | 0 | _aWA 900.1 |
| 245 | 0 | 0 |
_aGlobal burden of disease and risk factors _cAlan D. Lopez... [et al.], editores |
| 260 |
_aNew York, NY Washington, DC _bOxford University Press World Bank _c2006 |
||
| 300 |
_axxix, 475 Páginas _bgráficas, mapas |
||
| 650 | 0 | 4 |
_aEnfermedades _97563 |
| 650 | 0 | 4 |
_aEvaluación de riesgos contra la salud _915327 |
| 650 | 0 | 4 |
_aIndicadores de salud _917306 |
| 650 | 0 | 4 |
_aSalud mundial _923951 |
| 650 | 0 | 4 |
_aSalud pública _98073 |
| 700 | 1 |
_aEzzati, Majid _9167285 |
|
| 700 | 1 |
_aJamison, Dean T. _9142148 |
|
| 700 | 1 |
_aLopez, Alan D. _9167286 |
|
| 700 | 1 |
_aMathers, Collin D. _9167287 |
|
| 700 | 1 |
_aMurray, Christopher J.L. _9167288 |
|
| 710 | 2 |
_aDisease Control Priorities Project. _9152553 |
|
| 856 | 4 | 2 |
_zTabla de Contenido _uhttp://www.loc.gov/catdir/enhancements/fy0638/2006040094-t.html |
| 942 |
_cLIBRO _2NLM _a26 _e1 _hWA 900.1 _mG562 _n0 |
||
| 999 |
_c68979 _d68979 |
||